Catecismo de la doctrina cristiana / (Record no. 193424)

MARC details
000 -LEADER
campo de control de longitud fija 01084nam a2200301 i 4500
001 - NÚMERO DE CONTROL
campo de control 193424
003 - IDENTIFICADOR DE NÚMERO DE CONTROL
campo de control SpMaBN
005 - FECHA Y HORA DE LA ÚLTIMA TRANSACCIÓN
campo de control 20231201063001.0
007 - CAMPO FIJO DE DESCRIPCIÓN FÍSICA--INFORMACIÓN GENERAL
campo de control de longitud fija ta
008 - DATOS DE LONGITUD FIJA--INFORMACIÓN GENERAL
campo de control de longitud fija 120403s1927 sp | |||| 000 0 spa
035 ## - NÚMERO DE CONTROL DEL SISTEMA
Número de control de sistema (OCoLC)851138498
040 ## - FUENTE DE CATALOGACIÓN
Centro catalogador/agencia de origen SpMaBN
Lengua de catalogación spa
Centro/agencia transcriptor SpMaBN
Normas de descripción rdc
080 ## - NÚMERO DE LA CLASIFICACIÓN DECIMAL UNIVERSAL
Número de la Clasificación Decimal Universal 272-282.4
100 1# - ENTRADA PRINCIPAL--NOMBRE DE PERSONA
Nombre de persona Astete, Gaspar,
Fechas asociadas al nombre 1537-1601
Número de control del registro de autoridad o número normalizado XX1148603
9 (RLIN) 140628
Término indicativo de función/relación Autor
245 10 - MENCIÓN DEL TÍTULO
Título Catecismo de la doctrina cristiana /
Mención de responsabilidad, etc. por el P. Astete de la Compañía de Jesús ; nuevamente arreglado por el P. Remigio Vilariño, S. J.
260 ## - PUBLICACIÓN, DISTRIBUCIÓN, ETC.
Lugar de publicación, distribución, etc. Bilbao :
Nombre del editor, distribuidor, etc. Administración de El Mensajero del Corazón de Jesús,
Fecha de publicación, distribución, etc. 1927
300 ## - DESCRIPCIÓN FÍSICA
Extensión 64 páginas ;
Dimensiones 14 cm
336 ## - TIPO DE CONTENIDO
Término de tipo de contenido Texto (visual)
Fuente isbdcontent
337 ## - TIPO DE MEDIO
Nombre/término del tipo de medio sin mediación
Fuente isbdmedia
338 ## - TIPO DE SOPORTE
Fuente rdacarrier
Nombre/término del tipo de soporte volumen
655 #7 - TERMINO DE INDIZACIÓN--GENERO/FORMA
Datos o término principal de género/forma Catecismos
Fuente del término tgfbne
9 (RLIN) 234608
700 1# - ENTRADA AGREGADA--NOMBRE PERSONAL
Nombre de persona Vilariño, Remigio,
Fechas asociadas al nombre 1865-1939
9 (RLIN) 114818
Término indicativo de función/relación Editor literario
852 ## - LOCALIZACIÓN
Ubicación ES-MaACL
Ubicación en estantería Depósito folletos
Número de control de estantería 2333-F-31
itemnumber 200886
Donativo/Legado Donativo
942 ## - ELEMENTOS DE ENTRADA SECUNDARIOS (KOHA)
Suprimir en OPAC No
Tipo de ítem Koha Folleto
Holdings
Estatus retirado Estado de pérdida Fuente del sistema de clasificación o colocación Estado de daño No para préstamo Colección Biblioteca de origen Biblioteca actual Ubicación en estantería Fecha de adquisición Fuente de adquisición Total de préstamos Signatura topográfica completa Código de barras Visto por última vez Tipo de ítem Koha
    Clasificación decimal universal     Colección de folletos Biblioteca del Ateneo de Madrid Biblioteca del Ateneo de Madrid Depósito folletos 29/11/2023 Donación   2333-F-31 101206172 29/11/2023 Folleto